[Event "Singapore Masters 5th"]
[Site "Singapore"]
[Date "2008.12.14"]
[Round "9"]
[White "Li, Haobin"]
[Black "Tirto"]
[Result "0-1"]
[WhiteElo "2278"]
[BlackElo "2406"]
[PlyCount "123"]
[EventDate "2008.12.10"]
[EventType "swiss"]
[EventRounds "9"]
[EventCountry "SIN"]
[SourceTitle "CBM 127 Extra"]
[Source "ChessBase"]
[SourceDate "2009.01.08"]
[SourceVersion "2"]
[SourceVersionDate "2009.01.28"]
[SourceQuality "1"]

1. e4 e5 2. Nf3 Nc6 3. Bc4 Nf6 4. d4 exd4 5. e5 d5 6. Bb5 Ne4 7. Nxd4 Bd7 8. Bxc6 bxc6 9. 0-0 Bc5 10. f3 Ng5 11. f4 Ne4 12. Be3 0-0 13. Nd2 Nxd2 14. Qxd2 f6 15. Nb3 Bb6 16. Bc5 fxe5 17. fxe5 Qh4 18. Kh1 Rxf1+ 19. Rxf1 Re8 20. Qe3 h6 21. Qf3 Be6 22. c3 Qg4 23. Qf2 Kh8 24. Bd4 Bg8 25. h3 Qh5 26. Qg3 Bh7 27. Kh2 Be4 28. Qf4 a5 29. g4 Qg5 30. Qf7 Bg6 31. Qf2 Rxe5 32. h4 Qe7 33. Qf8+ Kh7 34. Bxe5 Qxe5+ 35. Kh3 Bd3 36. Qf4 Qe2 37. Rf3 Be4 38. Nd2 Bxf3 39. Nxf3 Qd3 40. g5 h5 41. Qf7 Qg6 42. Qf4 Qe6+ 43. Kg3 Be3 44. Qa4 d4 45. Qc2+ g6 46. Nh2 Qd6+ 47. Kg2 d3 48. Qd1 Qd5+ 49. Nf3 Qe4 50. Qf1 Kg7 51. Kh2 Qf4+ 52. Kg2 Qe4 53. Kh2 Kg8 54. Kg2 c5 55. Kh2 a4 56. a3 c4 57. Kg2 Qg4+ 58. Kh1 Qf4 59. Qh3 Qf5 60. Qf1 Bf4 61. Qd1 Qh3+ 62. Kg1 0-1

[Event "Singapore Masters 5th"]
[Site "Singapore"]
[Date "2008.12.13"]
[Round "8"]
[White "Chiong Zacarias, Romero Luis"]
[Black "Li, Haobin"]
[Result "1/2-1/2"]
[WhiteElo "2361"]
[BlackElo "2278"]
[PlyCount "42"]
[EventDate "2008.12.10"]
[EventType "swiss"]
[EventRounds "9"]
[EventCountry "SIN"]
[SourceTitle "CBM 127 Extra"]
[Source "ChessBase"]
[SourceDate "2009.01.08"]
[SourceVersion "2"]
[SourceVersionDate "2009.01.28"]
[SourceQuality "1"]

1. d4 d5 2. c4 c6 3. Nc3 Nf6 4. cxd5 cxd5 5. Bf4 Nc6 6. e3 Bf5 7. Qb3 Na5 8. Qa4+ Bd7 9. Bb5 Nc6 10. Nf3 e6 11. 0-0 a6 12. Bxc6 Bxc6 13. Qb3 Bd6 14. Bg5 h6 15. Bh4 0-0 16. a4 Be7 17. Rfc1 Ne8 18. Bg3 Bd6 19. a5 Bxg3 20. hxg3 Nd6 21. Qb4 Rc8 1/2-1/2

[Event "Singapore Masters 5th"]
[Site "Singapore"]
[Date "2008.12.13"]
[Round "7"]
[White "Li, Haobin"]
[Black "Fernandez, Daniel Howard"]
[Result "1-0"]
[WhiteElo "2278"]
[BlackElo "2212"]
[PlyCount "57"]
[EventDate "2008.12.10"]
[EventType "swiss"]
[EventRounds "9"]
[EventCountry "SIN"]
[SourceTitle "CBM 127 Extra"]
[Source "ChessBase"]
[SourceDate "2009.01.08"]
[SourceVersion "2"]
[SourceVersionDate "2009.01.28"]
[SourceQuality "1"]

1. e4 c5 2. Nf3 d6 3. d4 cxd4 4. Nxd4 Nf6 5. Nc3 g6 6. Be3 Bg7 7. f3 Nc6 8. Qd2 0-0 9. 0-0-0 d5 10. exd5 Nxd5 11. Nxc6 bxc6 12. Bd4 Nxc3 13. Qxc3 Bh6+ 14. Be3 Bxe3+ 15. Qxe3 Qb6 16. Qc3 Be6 17. a3 Rfd8 18. Bd3 Rd6 19. h4 Rad8 20. h5 g5 21. h6 f6 22. Rde1 c5 23. Re2 Rc6 24. Bc4 Kf8 25. Qe3 Rdd6 26. Rhe1 Kf7 27. Qe4 Kg8 28. Qf5 Bxc4 29. Rxe7 1-0

[Event "Singapore Masters 5th"]
[Site "Singapore"]
[Date "2008.12.12"]
[Round "5"]
[White "Li, Haobin"]
[Black "Zhao, Jun"]
[Result "0-1"]
[WhiteElo "2278"]
[BlackElo "2568"]
[PlyCount "84"]
[EventDate "2008.12.10"]
[EventType "swiss"]
[EventRounds "9"]
[EventCountry "SIN"]
[SourceTitle "CBM 127 Extra"]
[Source "ChessBase"]
[SourceDate "2009.01.08"]
[SourceVersion "2"]
[SourceVersionDate "2009.01.28"]
[SourceQuality "1"]

1. e4 c5 2. Nf3 Nc6 3. d4 cxd4 4. Nxd4 Qb6 5. Nb3 Nf6 6. Nc3 e6 7. Bd3 a6 8. 0-0 d6 9. Kh1 Qc7 10. f4 b5 11. a3 Be7 12. Qf3 Bb7 13. Bd2 0-0 14. Rae1 b4 15. Nd1 bxa3 16. bxa3 a5 17. Qh3 e5 18. fxe5 dxe5 19. Bg5 Ne8 20. Bc1 Bc8 21. Qg3 Qd8 22. Qf2 a4 23. Nd2 Bh4 24. g3 Bg5 25. Ne3 Nd6 26. Ndc4 Bh3 27. Rg1 Be6 28. Rd1 Nxc4 29. Bxc4 Qc8 30. Bd5 Rb8 31. Rd3 Nd4 32. Re1 Rb1 33. c3 Bxd5 34. Nxd5 Qc4 35. Rxd4 exd4 36. Bxg5 Rxe1+ 37. Qxe1 d3 38. Be7 Re8 39. Qe3 f5 40. Qf4 Qxe4+ 41. Qxe4 fxe4 42. Bb4 e3 0-1

[Event "Singapore Masters 5th"]
[Site "Singapore"]
[Date "2008.12.11"]
[Round "3"]
[White "Li, Haobin"]
[Black "Sadorra, Julio Catalino"]
[Result "0-1"]
[WhiteElo "2278"]
[BlackElo "2431"]
[PlyCount "56"]
[EventDate "2008.12.10"]
[EventType "swiss"]
[EventRounds "9"]
[EventCountry "SIN"]
[SourceTitle "CBM 127 Extra"]
[Source "ChessBase"]
[SourceDate "2009.01.08"]
[SourceVersion "2"]
[SourceVersionDate "2009.01.28"]
[SourceQuality "1"]

1. e4 e6 2. d4 d5 3. Nd2 Be7 4. Ngf3 Nf6 5. e5 Nfd7 6. Bd3 c5 7. c3 b6 8. Qe2 a5 9. 0-0 Ba6 10. c4 Nc6 11. cxd5 Bxd3 12. Qxd3 exd5 13. dxc5 Nxc5 14. Qb5 Qd7 15. Re1 Nb4 16. Qxd7+ Nxd7 17. Rd1 g5 18. h3 h5 19. Nf1 g4 20. hxg4 hxg4 21. Nd4 Nxe5 22. Ne3 g3 23. f4 Ned3 24. Ng4 Bc5 25. Be3 Nxb2 26. Re1 0-0-0 27. Ne5 Nc4 28. Nxc4 dxc4 0-1

[Event "Singapore Masters 5th"]
[Site "Singapore"]
[Date "2008.12.10"]
[Round "1"]
[White "Li, Haobin"]
[Black "Bui, Vinh"]
[Result "1/2-1/2"]
[WhiteElo "2278"]
[BlackElo "2507"]
[PlyCount "60"]
[EventDate "2008.12.10"]
[EventType "swiss"]
[EventRounds "9"]
[EventCountry "SIN"]
[SourceTitle "CBM 127 Extra"]
[Source "ChessBase"]
[SourceDate "2009.01.08"]
[SourceVersion "2"]
[SourceVersionDate "2009.01.28"]
[SourceQuality "1"]

1. e4 c5 2. Nf3 e6 3. d4 cxd4 4. Nxd4 a6 5. Nc3 Qc7 6. g3 Nc6 7. Bg2 d6 8. 0-0 Bd7 9. a4 Be7 10. Nxc6 Bxc6 11. a5 Nf6 12. Be3 Nd7 13. Na4 0-0 14. Nb6 Nxb6 15. Bxb6 Qd7 16. c4 f5 17. Qd3 Rae8 18. Rfe1 Bd8 19. Bxd8 Rxd8 20. exf5 Rxf5 21. Be4 Bxe4 22. Qxe4 d5 23. cxd5 exd5 24. Qd4 Rf7 25. Re5 Re7 26. Rae1 Rxe5 27. Rxe5 h6 28. b4 Qc7 29. Kg2 Qd6 30. h4 Qc7 1/2-1/2

[Event "Singapore Masters 5th"]
[Site "Singapore"]
[Date "2008.12.10"]
[Round "2"]
[White "Thejkumar, MS."]
[Black "Li, Haobin"]
[Result "1/2-1/2"]
[WhiteElo "2441"]
[BlackElo "2278"]
[PlyCount "57"]
[EventDate "2008.12.10"]
[EventType "swiss"]
[EventRounds "9"]
[EventCountry "SIN"]
[SourceTitle "CBM 127 Extra"]
[Source "ChessBase"]
[SourceDate "2009.01.08"]
[SourceVersion "2"]
[SourceVersionDate "2009.01.28"]
[SourceQuality "1"]

1. d4 d5 2. c4 c6 3. Nc3 Nf6 4. e3 e6 5. Nf3 Nbd7 6. Qc2 Bd6 7. b3 0-0 8. Bb2 e5 9. cxd5 cxd5 10. dxe5 Nxe5 11. Be2 Nxf3+ 12. Bxf3 d4 13. exd4 Re8+ 14. Kf1 Ng4 15. g3 Qf6 16. Kg2 Nh6 17. Qd1 Nf5 18. Be4 Nh4+ 19. gxh4 Qxh4 20. Qd3 Re6 21. Rae1 Rf6 22. Re2 Bg4 23. Nd5 Rf3 24. Qxf3 Bxf3+ 25. Bxf3 Qg5+ 26. Kf1 Qf5 27. Kg2 Qg6+ 28. Kf1 Qb1+ 29. Kg2 1/2-1/2